Cricket: Greatest Domestic Batsmen by Runs Scored - Statistics

General Stats
  • This quiz has been taken 18 times
  • The average score is 16 of 28
Answer Stats
Country Years Teams FC Runs List A Runs Total Runs Answer % Correct
AUS 1985-2004 Australia, Essex, New South Wales 26885 14663 41548 Mark Waugh
88%
WI 1971-1993 West Indies, Glamorgan, Leeward Islands, Queensland, Somerset 36212 16995 53207 Sir Viv Richards
88%
ENG 1973-1997 England, Essex, Western Province 44846 22211 67057 Graham Gooch
82%
AUS 1992-2013 Australia, ICC World XI, Somerset, Surrey, Tasmania 24150 16363 40513 Ricky Ponting
82%
ENG 1981-2003 England, Surrey 26165 14771 40936 Alec Stewart
76%
IND 1988-2013 India, Asia XI, Mumbai, Yorkshire 25396 21999 47395 Sachin Tendulkar
76%
ENG 1962-1986 England, Yorkshire, Northern Transvaal 48426 10095 58521 Sir Geoffrey Boycott
76%
WI 1970-1992 West Indies, Scotland, Barbados, Hampshire 37354 16349 53703 Sir Gordon Greenidge
76%
SL 1997-2018 Sri Lanka, Asia XI, Central Province, Colombo DCA, Durham, ICC World XI, Kandurata, MCC, Nondescripts, Surrey, Warwickshire 20911 19456 40367 Kumar Sangakkara
71%
ENG 1951-1975 England, Leicestershire, Oxford University, Warwickshire 39832 3106 42938 Mike Smith
71%
ENG 1980-2003 England, Hampshire, Natal 26155 14927 41082 Robin Smith
71%
WI 1991-2018 West Indies, Derbyshire, Durham, Guyana, Lancashire, Warwickshire 27545 13439 40984 Shivnarine Chanderpaul
71%
ENG 1987-2012 England, Middlesex, Surrey 35659 13273 48932 Mark Ramprakash
65%
ENG 1975-1998 England, Middlesex 36549 14476 51025 Mike Gatting
65%
WI 1963-1986 West Indies, British Guiana, Guyana, Lancashire 31232 10915 42147 Sir Clive Lloyd
65%
ENG 1983-2008 England, Zimbabwe, Northern Districts, Queensland, Worcestershire 41112 22059 63171 Graeme Hick
59%
PAK 1973-1998 Pakistan, Glamorgan, Habib Bank Limited, Karachi, Sind, Sussex 28663 13973 42636 Javed Miandad
53%
ENG 1956-1978 England, Surrey 39790 4792 44582 John Edrich
53%
ENG 1962-1988 England, Essex 37665 9948 47613 Keith Fletcher
53%
ENG 1972-1995 England, Northamptonshire, Orange Free State, Western Province 32502 15658 48160 Allan Lamb
47%
ENG 1960-1987 England, Warwickshire 43423 12519 55942 Dennis Amiss
41%
ENG 1971-2000 England, Nottinghamshire 28456 12300 40756 Derek Randall
41%
WAL 1957-1983 Glamorgan, Natal, Northern Transvaal, Western Australia 36049 7157 43206 Alan Jones
35%
NZ 1964-1983 New Zealand, Otago, Northern Districts, Worcestershire 34346 10784 45130 Glenn Turner
35%
PAK 1965-1987 Pakistan, Dawood Club, Gloucestershire, Karachi, PIA, PWD, Sind 34843 11240 46083 Zaheer Abbas
35%
WI 1966-1990 West Indies, Guyana, Orange Free State, Queensland, Transvaal, Warwickshire 32650 11336 43986 Alvin Kallicharan
18%
ENG 1972-2002 England, Durham, Eastern Province, Northamptonshire 27142 13594 40736 Wayne Larkins
18%
ENG 1979-2005 England, Boland, Derbyshire, Gloucestershire 28593 15564 44157 Kim Barnett
12%
No matching quizzes found
Score Distribution
Percent of People with Each Score
Percentile by Number Answered
Your Score History
You have not taken this quiz